| 000 | 00000nam##2200000za#4500 |
| 001 | 9.624899 |
| 003 | CaOODSP |
| 005 | 20200327181807 |
| 007 | ta |
| 008 | 150406|1998||||xxc||||| f|0| 0 fre|d |
| 020 | |a0-660-96052-4 |
| 040 | |aCaOODSP|bfre |
| 043 | |an-cn--- |
| 086 | 1 |aEn56-119/7-1998F |
| 110 | 1 |aCanada. |bEnvironnement Canada. |
| 245 | 10|aQuestions intersectorielles|cPréparé sous la direction de: Nicola Mayer et Wendy Avis. |
| 260 | |aOttawa - Ontario : |bEnvironnement Canada |c1998. |
| 300 | |axvii, 242p. : |bgraphiques, références, tableaux ; |c28 cm. |
| 490 | 1 |aL'etude pan-canadienne|vTome VIII |
| 563 | |aCouverture souple |
| 590 | |a00-20|b2000-05-19 |
| 691 | 07|aClimat|2gcpds |
| 691 | 07|aRéchauffement de la planète|2gcpds |
| 691 | 07|aImpact sur l'environnement|2gcpds |
| 720 | 1 |aMayer, Nicola |
| 720 | 1 |aAvis, Wendy |
| 776 | 0#|tQuestions intersectorielles|w(CaOODSP)9.604335 |
| 830 | #0|aL'étude pan-canadienne ;|vTome VIII|w(CaOODSP)9.512985 |